Pays de la CAN 2026 - Statistiques

Statistiques générales
  • Ce quiz a été pris 518 fois
  • Le résultat moyen est 10 sur 24
Answers on the Grid
Answers color-coded by a green-red scale on the quiz's grid according to % correct below.
Maroc
Comores
Mauritanie
Mali
Libye
Zambie
Egypte
Gambie
Guinée
Afrique du sud
Angola
Soudan du sud
Zimbabwe
Somalie
Nigeria
Namibie
Tunisie
Ouganda
Tanzanie
Sénégal
Madagascar
Tchad
RD Congo
Bénin
Niger
Botswana
Burkina Faso
Algérie
Soudan
Rép Centrafricaine
Rép Congo
Rwanda
Guinée équatoriale
Lesotho
Gabon
Côte d'ivoire
Eswatini
Cap vert
Mozambique
Cameroun
 
Statistiques - réponses
Réponse % Correct
Maroc
97%
Comores
70%
Egypte
67%
Mali
67%
Afrique du sud
53%
Algérie
45%
Sénégal
45%
Tunisie
44%
Nigeria
43%
Zambie
42%
Côte d'ivoire
39%
RD Congo
39%
Cameroun
37%
Gabon
35%
Burkina Faso
34%
Angola
32%
Tanzanie
32%
Zimbabwe
32%
Bénin
28%
Mozambique
28%
Soudan
27%
Botswana
25%
Ouganda
25%
Guinée équatoriale
23%
Aucun quiz correspondant
Distribution des résultats
% des personnes avec chaque résultat
Percentile par nombre de réponses
Votre historique - résultats
Vous n’avez pas pris ce quiz